000 00381nam a22001577a 4500
020 _a0-330-37360-9
082 _a883
_bDAL/L
100 _aDALE, JENNY
245 _aLILY THE LOST PUPPY
_bSHORT STORY
246 _aLILY THE LOST PUPPY
_bSHORT STORY
260 _aLONDON
_bLACMILLANN CHILDRENS BOOKS
300 _a63
520 _aSHORT STORY
650 _aSHORT STORY
942 _cBK
999 _c1838
_d1838